000 01056pam a2200277 a 4500
999 _c65015
_d64989
001 1088141
003 OSt
005 20180320120526.0
008 920624s1993 maua b 001 0 eng
010 _a 92025515
020 _a026206152X
040 _aDLC
_cDLC
_dDLC
050 0 0 _aHB171
_b.F54 1993
082 0 0 _a338.5
_220
100 1 _aFisher, Franklin M.
_944944
245 1 0 _aAggregation :
_baggregate production functions and related topics /
_ccollected papers of Franklin M. Fisher ; edited by John Monz.
250 _a1st MIT Press ed.
260 _aCambridge, Mass. :
_bMIT Press,
_c1993.
300 _axxiv, 280 p. :
_bill. ;
_c24 cm.
504 _aIncludes bibliographical references and index.
650 0 _aEconomics.
_944945
650 0 _aProduction functions (Economic theory)
_944946
700 1 _aMonz, John.
_944947
906 _a7
_bcbc
_corignew
_d1
_eocip
_f19
_gy-gencatlg
942 _2lcc
_cBK